| 000 | 00390nam a2200157Ia 4500 | ||
|---|---|---|---|
| 008 | 151213s9999 xx 000 0 und d | ||
| 100 | _aLion G. Schiffman | ||
| 245 |
_aConsumer Behavior _cLion G. Schiffman |
||
| 250 | _a9th | ||
| 260 |
_aNew Delhi _bPrentic Hall _c2007 |
||
| 300 | _a4241 p. | ||
| 650 | _aMarketing | ||
| 650 | _aMarketing | ||
| 700 | _aLion G. Schiffman | ||
| 999 |
_c2665 _d2665 |
||